Statistics for From the Earth to the Street - Gradual Zoom with Maps #3

Click here to take the quiz!

General Stats

  • This quiz has been taken 135 times
  • The average score is 4 of 8

Answers on the Map

Answers color-coded by a green-red scale on the quiz's map according to % correct below.
 

Answer Stats

ScaleLocalisation% Correct
PlanetEarth
100%
ContinentEurope
98%
CountryFrance
98%
RegionNouvelle-Aquitaine
52%
CityBordeaux
47%
DepartmentGironde
28%
NeighborhoodBordeaux Centre
14%
StreetSainte-Catherine Street
9%

Score Distribution

Percentile by Number Answered

Percent of People with Each Score

Your Score History

You have not taken this quiz